Statistiken für Grösste Schweizer Städte nach Buchstabe - V

Klicken Sie hier um das Quiz zu spielen!

Allgemein

  • Dieses Quiz wurde 19 mal gespielt
  • Das Durchschnittsergebnis liegt bei 7 aus 10

Antwortstatistiken

KantonEinwohnerStadt% Korrekt
GE36’572Vernier
100%
VD19’738Vevey
85%
ZH19’412Volketswil
77%
VS8’305Visp
69%
NE17’410Val-de-Ruz
62%
NE10’558Val-de-Travers
62%
GE11’901Veyrier
62%
GE13’337Versoix
54%
VS10’693Val de Bagnes
46%
FR12’328Villars-sur-Glâne
46%

Verteilung der Resultate

Perzentil nach korrekt beantworteten Fragen

Anzahl Personen mit jedem Resultat

Ihre Resultats-Entwicklung

Sie haben dieses Quiz noch nicht gespielt